| 000 | 00696nam a22001937a 4500 | ||
|---|---|---|---|
| 003 | LK-CoDNM | ||
| 005 | 20250305151653.0 | ||
| 008 | 250305b |||||||| |||| 00| 0 eng d | ||
| 040 |
_aLK-CoDNM _dLK-CoDNM _eLK-CoDNM |
||
| 041 | _asin | ||
| 080 |
_aRC _b667 |
||
| 100 | _aඩබ්. පී. දයාරත්න | ||
| 245 | _aමුදල් රෙගුලාසි හා රාජ්ය සේවකයා | ||
| 260 |
_aකොළඹ _bසී/ ස ඇස්. ගොඩගේ සහ සහෝදරයෝ (පුද්.) සමාගම _c2012 |
||
| 300 | _a56p : 22 cm | ||
| 650 | _aමුදල් රෙගුලාසි | ||
| 650 | _aරාජ්ය සේවය | ||
| 942 | _cBK | ||
| 999 |
_c238684 _d238684 |
||